[Event "Challenge"]
[Site "http://www.queenalice.com/game.php?id=1202450"]
[Date "2013.7.25"]
[Round "-"]
[White "eduardocosta"]
[Black "binTichoden"]
[Result "0-1"]
[WhiteElo "1688"]
[BlackElo "1618"]

1. e3 e5 2. Be2 g6 3. Nf3 Nc6 4. Bb5 Nge7 5. Nc3 a6 6. Be2 d5 7. d3 Bg7 8. Bd2
d4 9. exd4 exd4 10. Ne4 b6 11. O-O h5 12. Ne1 f5 13. Ng5 Bh6 14. Nh3 Bb7 15. Qc1
Bxd2 16. Qxd2 Nd5 17. Ng5 f4 18. Bf3 Qxg5 19. c3 dxc3 20. bxc3 O-O-O 21. Be4 h4
22. Nf3 Qg4 23. h3 Qh5 24. c4 Nf6 25. Qxf4 Nxe4 26. dxe4 Nd4 27. Nxd4 Rxd4 28.
f3 Rxc4 29. Qf6 Rc2 30. Rf2 Rxf2 31. Kxf2 Qc5+ 32. Kf1 Rh6 33. Qf4 g5 34. Qd2
Rd6 35. Qc1 Qxc1+ 36. Rxc1 Rd2 37. Re1 Rxa2 38. e5 Kd7 39. e6+ Ke7 40. Re5 Ra5
41. Re3 Bd5 42. Rc3 c6 43. Rc2 Kxe6 44. Rb2 b5 45. Ke2 Ra2 46. Rxa2 Bxa2 47. Ke3
Kd5 48. f4 gxf4+ 49. Kxf4 b4 50. Kg4 b3 51. Kxh4 b2 52. g4 b1=Q 53. g5 Qh7+ 0-1

[Event "Let's Play Chess!"]
[Site "http://www.queenalice.com/game.php?id=1203330"]
[Date "2013.7.29"]
[Round "-"]
[White "Rider"]
[Black "binTichoden"]
[Result "0-1"]
[WhiteElo "1489"]
[BlackElo "1562"]

1. e4 e5 2. d3 Nc6 3. c3 b6 4. Qb3 Bb7 5. Nf3 Nh6 6. Ng5 Qf6 7. Be2 g6 8. O-O
Be7 9. f4 Na5 10. Qa4 Bc5+ 11. d4 exd4 12. cxd4 Qxd4+ 13. Qxd4 Bxd4+ 14. Kh1 O-O
15. b4 Bxa1 16. bxa5 Rfe8 17. axb6 axb6 18. a3 f6 19. Nh3 Bxe4 20. Nd2 Bxg2+ 21.
Kxg2 Rxe2+ 22. Kg1 Bd4+ 23. Kh1 Rae8 24. Nf3 Bc5 25. a4 Be3 26. Nfg1 Ra2 27.
Bxe3 Rxe3 28. f5 Kg7 29. fxg6 hxg6 30. Nf4 c6 31. Rd1 d5 32. h3 Rxa4 33. Rf1 g5
34. Ng2 Ree4 35. Nf3 Kg6 36. Rc1 c5 37. Rb1 Rab4 38. Rc1 g4 39. hxg4 Rxg4 40.
Nh2 Rge4 41. Nf3 Kh5 42. Rd1 d4 43. Nfe1 Rb3 44. Kg1 Kg4 45. Kh2 Rh3+ 46. Kg1
Kg3 47. Rd3+ Kg4 48. Rxh3 Kxh3 49. Nf3 Kg3 50. Nd2 Re2 51. Nf1+ Kg4 52. Nh2+ Kf5
53. Nh4+ Ke4 54. Ng2 d3 55. Nf1 d2 56. Ng3+ Kd3 57. Nf4+ Ke3 58. Nfxe2 d1=Q+ 59.
Kg2 Qxe2+ 60. Nxe2 Kxe2 61. Kg3 c4 62. Kh4 c3 63. Kh5 c2 0-1

[Event "Challenge"]
[Site "http://www.queenalice.com/game.php?id=1203348"]
[Date "2013.7.29"]
[Round "-"]
[White "binTichoden"]
[Black "leonardodml25"]
[Result "1-0"]
[WhiteElo "1560"]
[BlackElo "1776"]

1. e4 e5 2. Nc3 Bb4 3. Nge2 Nc6 4. a3 Bxc3 5. bxc3 Nf6 6. Ng3 g6 7. Bb2 O-O 8.
d4 d6 9. d5 Ne7 10. Be2 Qd7 11. a4 c6 12. c4 h5 13. h3 h4 14. Nf1 Nxe4 15. f3
Nf6 16. Ne3 cxd5 17. cxd5 b6 18. Bb5 Qb7 19. c4 a6 20. Bc6 Nxc6 21. dxc6 Qxc6
22. O-O Be6 23. Qd2 Bxc4 24. Nxc4 Qxc4 25. Qxd6 Kg7 26. Qxe5 Rae8 27. Qxf6+ Kh6
28. Bc1+ 1-0

[Event "Challenge"]
[Site "http://www.queenalice.com/game.php?id=1204853"]
[Date "2013.8.3"]
[Round "-"]
[White "binTichoden"]
[Black "graewerld"]
[Result "0-1"]
[WhiteElo "1581"]
[BlackElo "1488"]

1. e4 e5 2. b3 Bc5 3. c3 Qf6 4. Nf3 Nh6 5. d4 exd4 6. cxd4 Bb6 7. Bb2 Nc6 8. Qd2
d6 9. d5 Ne5 10. Bb5+ c6 11. dxc6 bxc6 12. Bxc6+ Bd7 13. Bxa8 O-O 14. Bxe5 dxe5
15. Qxd7 Bd4 16. Nxd4 exd4 17. Nd2 d3 18. O-O g6 19. Qxa7 Kg7 20. f3 Re8 21. Bd5
Re7 0-1

[Event "Challenge"]
[Site "http://www.queenalice.com/game.php?id=1207003"]
[Date "2013.8.10"]
[Round "-"]
[White "binTichoden"]
[Black "Cautor"]
[Result "0-1"]
[WhiteElo "1655"]
[BlackElo "1466"]

1. e4 e5 2. Nf3 Nf6 3. d3 d5 4. exd5 Qxd5 5. Qe2 e4 6. dxe4 Nxe4 7. g3 Be7 8. c4
Qc6 9. Bg2 Nc5 10. Nc3 Bf5 11. Nh4 Nd3+ 12. Kd2 Qd7 13. Nxf5 Nf4+ 14. Kc2 Nxe2
15. Bxb7 Qxf5+ 16. Be4 Qxf2 17. Bxa8 Nxg3+ 18. Bd2 Nxh1 19. Rxh1 O-O 20. Bb7 c6
21. Re1 Bf6 22. Ne4 Qd4 23. Nxf6+ gxf6 24. b3 Qd7 25. Rg1+ Kh8 26. Bc3 Qd8 27.
b4 Re8 28. b5 Re3 29. Rd1 Rxc3+ 0-1

[Event "Challenge"]
[Site "http://www.queenalice.com/game.php?id=1208755"]
[Date "2013.8.16"]
[Round "-"]
[White "binTichoden"]
[Black "YUDAO"]
[Result "1-0"]
[WhiteElo "1575"]
[BlackElo "1642"]

1. e4 e5 2. Nf3 Nc6 3. b3 Nf6 4. d3 g6 5. Bg5 Bb4+ 6. c3 Ba3 7. Nxa3 a6 8. d4
O-O 9. d5 Na5 10. b4 Qe7 11. Bxf6 Qxf6 12. bxa5 Qf4 13. Bd3 d6 14. g3 Qf6 15.
O-O b6 16. axb6 cxb6 17. h4 a5 18. Bb5 Bg4 19. Kg2 h5 20. Nc4 Rac8 21. Rc1 Qd8
22. Qd2 Kg7 23. Ng5 Rc5 24. a4 Qc8 25. Ne3 Qd8 26. Nxg4 hxg4 27. Qe2 Qc8 28. c4
Kh6 29. f3 Kh5 30. fxg4+ Qxg4 31. Qxg4+ Kxg4 32. Nh7 f5 33. Nxf8 fxe4 34. Nxg6
e3 35. Rc2 Rc7 36. Re2 Rg7 37. Nf8 e4 38. Nd7 Re7 39. Nf6# 1-0

[Event "Let's Play Chess!"]
[Site "http://www.queenalice.com/game.php?id=1209679"]
[Date "2013.8.20"]
[Round "-"]
[White "carlosufpe"]
[Black "binTichoden"]
[Result "0-1"]
[WhiteElo "1574"]
[BlackElo "1654"]

1. d4 d5 2. e3 Nf6 3. c4 c6 4. Nf3 Bg4 5. Be2 e6 6. cxd5 exd5 7. Ne5 Bxe2 8.
Qxe2 Bd6 9. Nf3 O-O 10. O-O Nbd7 11. b3 Ne4 12. Nfd2 Ndf6 13. Nxe4 Nxe4 14. Bb2
f5 15. Nc3 Qh4 16. g3 Qh3 17. Nxe4 fxe4 18. a4 Rf6 19. f4 Raf8 20. Qg2 Rh6 21.
Qxh3 Rxh3 22. Kg2 Rh6 23. Ba3 Bxa3 24. Rxa3 a5 25. Rb1 b6 26. b4 axb4 27. Rxb4
c5 28. dxc5 bxc5 29. Rb5 Rc6 30. Rc3 Rfc8 31. a5 d4 32. exd4 cxd4 33. Rxc6 Rxc6
34. Rb8+ Kf7 35. Rb7+ Ke8 36. Rb8+ Kd7 0-1

[Event "Let's Play Chess!"]
[Site "http://www.queenalice.com/game.php?id=1209696"]
[Date "2013.8.20"]
[Round "-"]
[White "Fermats"]
[Black "binTichoden"]
[Result "1-0"]
[WhiteElo "1927"]
[BlackElo "1575"]

1. e4 e5 2. Nf3 Nc6 3. Bb5 Nge7 4. Nc3 a6 5. Bc4 Nd4 6. Nxe5 Ne6 7. d4 h6 8. Qf3
f6 9. Qh5+ g6 10. Nxg6 Nxg6 11. Qxg6+ Ke7 12. e5 Bg7 13. Nd5+ Kf8 14. exf6 Qe8
15. Qxe8+ Kxe8 16. fxg7 Nxg7 17. Nxc7+ 1-0

[Event "OS INCLIVEIS"]
[Site "http://www.queenalice.com/game.php?id=1211336"]
[Date "2013.8.25"]
[Round "-"]
[White "adelio"]
[Black "binTichoden"]
[Result "0-1"]
[WhiteElo "1800"]
[BlackElo "1594"]

1. b4 e5 2. b5 c6 3. c4 cxb5 4. cxb5 d5 5. h4 g6 6. a4 Bg7 7. Ra2 Be6 8. Ra3 a5
9. e3 b6 10. Bb2 d4 11. f4 exf4 12. exf4 Qd5 13. Qc2 Bf5 14. Rd3 Ne7 15. Nf3
Bxd3 16. Bxd3 Nd7 17. Kd1 O-O 18. Ba1 Rac8 19. Qb2 Nf5 20. h5 Nc5 21. Bxf5 Qxf5
22. Qa2 Nd3 23. Bxd4 Rc1+ 24. Ke2 Rxh1 25. Be3 Nc1+ 26. Kf2 Nxa2 27. Nc3 Nxc3
28. dxc3 Bxc3 29. hxg6 hxg6 30. Nd4 Bxd4 31. Bxd4 Qxf4+ 32. Ke2 Qxd4 33. Kf3 Rc8
34. g3 Rc3+ 35. Kg2 Qe4+ 36. Kf2 Qf3# 0-1

[Event "Challenge"]
[Site "http://www.queenalice.com/game.php?id=1211453"]
[Date "2013.8.26"]
[Round "-"]
[White "binTichoden"]
[Black "adriana_p"]
[Result "0-1"]
[WhiteElo "1631"]
[BlackElo "1546"]

1. d4 e6 2. e4 Qf6 3. Nf3 Nc6 4. b3 a6 5. Bb2 b5 6. c3 g5 7. h3 d5 8. e5 Qe7 9.
Qd2 Bh6 10. g4 b4 11. cxb4 Nxb4 12. a3 Nc6 13. Qc2 Qd7 14. Nbd2 Nge7 15. Bd3 Ng6
16. O-O Nf4 17. Kh2 Nxd3 18. Qxd3 Bb7 19. b4 O-O-O 20. Rfc1 Ne7 21. Rc2 c6 22.
h4 gxh4 23. Nxh4 Bg5 24. Kh3 Ng6 25. Ndf3 Nf4+ 26. Kh2 Nxd3 27. Nxg5 Nxb2 28.
Rxb2 Rdg8 29. f4 h5 30. Rg1 hxg4 31. Kg3 Qc7 32. Rc1 Rg7 33. Kxg4 Qb6 34. Rc5 a5
35. b5 a4 36. Rb4 Qa7 37. bxc6 Ba8 38. c7 Bb7 39. Nf3 Qa6 40. Rbb5 Rh1 41. f5
exf5+ 42. Kf4 Ra1 43. Kxf5 Rxa3 44. e6 fxe6+ 45. Kf6 Rxg5 46. Nxg5 Rb3 47. Rxb7
Rxb7 48. Nxe6 a3 49. Rxd5 Rxc7 50. Ke5 Re7 51. Rd8+ Kb7 52. Rd7+ Rxd7 53. Nc5+
Kb6 54. Nxa6 Kxa6 55. d5 a2 56. Ke6 Rd8 57. d6 a1=Q 58. Ke7 Qh8 0-1

[Event "Let's Play Chess!"]
[Site "http://www.queenalice.com/game.php?id=1211564"]
[Date "2013.8.28"]
[Round "-"]
[White "josealexandreschultz"]
[Black "binTichoden"]
[Result "1-0"]
[WhiteElo "1578"]
[BlackElo "1647"]

1. e4 e5 2. Nf3 Nc6 3. Bb5 d6 4. h3 Bd7 5. Nc3 a6 6. Ba4 b5 7. Bb3 g6 8. d4 exd4
9. Nxd4 Nxd4 10. Qxd4 Nf6 11. Bg5 Bg7 12. Nd5 c5 13. Nxf6+ Bxf6 14. Qxf6 Qxf6
15. Bxf6 O-O 16. c3 Be6 17. Bc2 d5 18. exd5 Bxd5 19. O-O a5 20. a3 Ra6 21. Be7
Re8 22. Bxc5 Bc4 23. Rfd1 Re2 24. Rd8+ Kg7 25. Bd4+ Kh6 26. Be3+ Kg7 27. Rc1 f6
28. Rd7+ Bf7 29. Kf1 Rxe3 30. fxe3 Ra8 31. Bb3 Rf8 32. Bxf7 Rxf7 33. Rxf7+ Kxf7
34. Ke2 Ke6 35. Rf1 Ke5 36. Kd3 f5 37. g3 h5 38. h4 1-0

[Event "Let's Play Chess!"]
[Site "http://www.queenalice.com/game.php?id=1212029"]
[Date "2013.8.28"]
[Round "-"]
[White "Ditto"]
[Black "binTichoden"]
[Result "0-1"]
[WhiteElo "1718"]
[BlackElo "1659"]

1. e4 e5 2. Nf3 Nc6 3. Bc4 h6 4. d3 a6 5. O-O d6 6. b3 b5 7. Bd5 Bb7 8. Nc3 b4
9. Ne2 Qd7 10. Ng3 g6 11. Nd2 O-O-O 12. a3 bxa3 13. Rxa3 Nf6 14. Bc4 Nb4 15. Qf3
Be7 16. Qe3 Nxc2 17. Qa7 Nxa3 18. Bxa3 Qc6 19. Rc1 Qb6 20. Qxb6 cxb6 21. Bxa6+
Kb8 22. Bc4 Rhf8 23. h3 Rd7 24. Bb2 Rc7 25. Ra1 Nd7 26. b4 d5 27. exd5 Bxb4 28.
Nde4 f6 29. Rb1 Ba5 30. Ba3 Nc5 31. Nxc5 bxc5 32. Ne4 Rd8 33. Nxc5 Rxc5 34. Bxc5
Rd7 35. Bb5 Rxd5 36. d4 exd4 37. Be7 d3 38. Bc6 Kc7 39. Bxd5 Bxd5 40. Bxf6 d2
41. Be5+ Kd7 42. f3 Bb3 43. Kf2 d1=Q 44. Rxd1+ Bxd1 45. Ke3 Ke6 46. f4 Kf5 47.
Bg7 h5 48. Bd4 Bc7 49. g3 g5 50. Kd2 Bf3 51. fxg5 Bxg3 52. Be3 h4 53. Kd3 Bg2
54. Bg1 Kxg5 55. Ke3 Bxh3 56. Ke2 Kg4 57. Be3 Bg2 58. Bg1 h3 59. Ke3 Bd6 60. Kf2
Bc6 61. Kf1 Kf3 62. Ke1 Kg2 63. Be3 h2 0-1

[Event "Let's Play Chess!"]
[Site "http://www.queenalice.com/game.php?id=1213107"]
[Date "2013.9.1"]
[Round "-"]
[White "Eggchaser"]
[Black "binTichoden"]
[Result "1-0"]
[WhiteElo "1760"]
[BlackElo "1667"]

1. d4 d5 2. c4 dxc4 3. Nf3 Nf6 4. Nc3 Nc6 5. h3 g6 6. e4 Na5 7. Qa4+ c6 8. Bxc4
b5 9. Bxf7+ Kxf7 10. Ne5+ Kg7 11. Qd1 e6 12. Bh6+ Kg8 13. Bxf8 Kxf8 14. O-O Nc4
15. Nxc6 Qc7 16. Nb4 a6 17. Rc1 Nxb2 18. Qf3 Kg7 19. e5 Nd5 20. Ncxd5 Qf7 21.
Rc7 Bd7 22. Rxd7 Rhf8 23. Rxf7+ Rxf7 24. Nf6 Rc8 25. Nxa6 Rc4 26. Nc5 1-0

[Event "Challenge"]
[Site "http://www.queenalice.com/game.php?id=1213217"]
[Date "2013.8.31"]
[Round "-"]
[White "binTichoden"]
[Black "santanacampos"]
[Result "1-0"]
[WhiteElo "1631"]
[BlackElo "1619"]

1. e4 e5 2. Nf3 Nc6 3. b3 Nf6 4. d3 d6 5. Bb2 Bg4 6. Be2 Bxf3 7. Bxf3 Qe7 8. c3
O-O-O 9. O-O h5 10. Nd2 h4 11. h3 g5 12. Bg4+ Kb8 13. d4 Bh6 14. f3 Nxg4 15.
fxg4 Bg7 16. d5 Qd7 17. a4 a5 18. dxc6 Qxc6 19. c4 Rhf8 20. Rf5 f6 21. Ba3 Qb6+
22. Kh2 Qd4 23. Nf3 Qxe4 24. Qd2 Qc6 25. Qd5 Qb6 26. Rb1 c6 27. Bxd6+ Rxd6 28.
Qxd6+ Kc8 29. Qe7 Bh6 30. Rxf6 Rxf6 31. Qxf6 e4 32. Ne5 Qc7 33. Qxh6 Qxe5+ 34.
Kh1 e3 35. Qf8+ Kc7 36. Qf3 e2 37. Re1 Qb2 38. Rxe2 Qc1+ 39. Kh2 Qa3 40. g3 Qd6
41. Kg2 hxg3 42. Qxg3 Qxg3+ 43. Kxg3 Kb6 44. h4 gxh4+ 45. Kxh4 Kc5 46. Re3 Kd4
47. Rg3 Ke5 48. g5 Kf5 49. g6 1-0

[Event "Challenge"]
[Site "http://www.queenalice.com/game.php?id=1213516"]
[Date "2013.9.1"]
[Round "-"]
[White "binTichoden"]
[Black "edsom"]
[Result "1-0"]
[WhiteElo "1628"]
[BlackElo "1583"]

1. e4 e5 2. Nf3 Nc6 3. b3 Nf6 4. d3 d6 5. Bb2 h6 6. Nc3 a6 7. d4 Be7 8. a3 Bd7
9. d5 Na7 10. a4 a5 11. g3 c5 12. Bc4 Qc7 13. h3 Kd8 14. Qe2 Qb6 15. Bb5 Nxb5
16. Nxb5 Qa6 17. c4 Qb6 18. Nh4 Bxb5 19. axb5 Ke8 20. O-O Kd8 21. Nf5 g6 22.
Nxe7 Kxe7 23. f4 Nh5 24. Kg2 Nf6 25. fxe5 Nh5 26. g4 Ng7 27. e6 fxe6 28. Bxg7
Rh7 29. Qb2 Kd7 30. Rf7+ Kc8 31. Rf8+ Kc7 32. Rxa8 exd5 33. Qf6 Qa6 34. Qd8# 1-0

[Event "Challenge"]
[Site "http://www.queenalice.com/game.php?id=1222899"]
[Date "2013.10.7"]
[Round "-"]
[White "david_kasparov"]
[Black "binTichoden"]
[Result "0-1"]
[WhiteElo "1672"]
[BlackElo "1642"]

1. e4 e5 2. Nf3 Nc6 3. Bb5 b6 4. Nc3 f6 5. a3 Bb7 6. O-O a6 7. Bxc6 Bxc6 8. d4
exd4 9. Qxd4 Bc5 10. Qd3 d6 11. b4 d5 12. bxc5 dxe4 13. Re1 Qxd3 14. Nxe4 Qxc2
15. Neg5+ Ne7 16. Ne6 Bxf3 17. gxf3 Kd7 18. c6+ Nxc6 19. Bf4 Qc4 20. Nxc7 Qxf4
21. Nxa8 Rxa8 22. Rad1+ Kc7 23. Kg2 Rd8 24. Rxd8 Kxd8 25. Re4 Qd6 26. f4 f5 27.
Ra4 a5 28. Rc4 Qd5+ 29. f3 Qxc4 30. Kg3 Ne7 31. h3 Qf1 32. a4 h6 33. h4 h5 34.
Kh2 Qxf3 35. Kg1 Nd5 36. Kh2 Nxf4 37. Kg1 Qg2# 0-1

[Event "Challenge"]
[Site "http://www.queenalice.com/game.php?id=1239957"]
[Date "2013.12.13"]
[Round "-"]
[White "leonardodml25"]
[Black "binTichoden"]
[Result "1-0"]
[WhiteElo "1769"]
[BlackElo "1677"]

1. e4 e5 2. Nf3 Nc6 3. d4 d6 4. d5 Nce7 5. Bc4 a6 6. a4 Bd7 7. Nc3 Nf6 8. Bg5
Ng6 9. g3 h6 10. Bxf6 Qxf6 11. O-O h5 12. Ne2 Qxf3 13. Qd3 Bg4 14. Qxf3 Bxf3 15.
Ra3 Bxe4 16. c3 Be7 17. f3 Bf5 18. f4 Bh3 19. Rf2 O-O-O 20. f5 Nf8 21. Nc1 Bg5
22. Be2 Bxc1 23. Bf1 1-0

[Event "Challenge"]
[Site "http://www.queenalice.com/game.php?id=1240789"]
[Date "2013.12.17"]
[Round "-"]
[White "Andresalles88"]
[Black "binTichoden"]
[Result "1-0"]
[WhiteElo "1780"]
[BlackElo "1659"]

1. e4 e5 2. Bc4 g6 3. Nf3 Bg7 4. Nc3 c6 5. d3 b5 6. Bb3 Bb7 7. a3 Qe7 8. O-O a5
9. Be3 a4 10. Ba2 Na6 11. b4 Nh6 12. h3 O-O 13. Qd2 Bf6 14. Bxh6 Rfc8 15. Bg5
Nc7 16. Bxf6 Qxf6 17. Qh6 Ne6 18. Bxe6 dxe6 19. Ng5 Qg7 20. Qxg7+ Kxg7 21. f4
exf4 22. Rxf4 Rc7 23. Raf1 Kg8 24. Rxf7 Rxf7 25. Rxf7 1-0

[Event "Challenge"]
[Site "http://www.queenalice.com/game.php?id=1240790"]
[Date "2013.12.17"]
[Round "-"]
[White "binTichoden"]
[Black "Andresalles88"]
[Result "0-1"]
[WhiteElo "1659"]
[BlackElo "1500"]

1. e4 e5 2. b3 Nf6 3. Nc3 Bb4 4. Bb2 Nc6 5. a3 Bxc3 6. Bxc3 Nxe4 7. Qf3 Nxc3 8.
Qxc3 d6 9. O-O-O O-O 10. f3 Qg5 11. Bb5 Nd4 12. Bf1 Bd7 13. Nh3 Bxh3 14. gxh3 f5
15. Bc4+ Kh8 16. Rhg1 Qf4 17. Rg3 d5 18. Be2 Nxe2+ 19. Kb2 Nxc3 20. dxc3 c6 21.
Rdg1 g6 22. Rf1 e4 23. b4 a5 0-1

[Event "Challenge"]
[Site "http://www.queenalice.com/game.php?id=1247059"]
[Date "2014.1.11"]
[Round "-"]
[White "szybkielanie"]
[Black "binTichoden"]
[Result "1-0"]
[WhiteElo "1776"]
[BlackElo "1677"]

1. e4 e5 2. Nf3 d6 3. d4 Bg4 4. dxe5 Bxf3 5. Qxf3 dxe5 6. Bc4 Nf6 7. Qb3 Bd6 8.
Bxf7+ Kf8 9. Qxb7 Nbd7 10. Bb3 Nc5 11. Qc6 Ncxe4 12. O-O Ke7 13. Bd5 Nxd5 14.
Qxd5 Nf6 15. Bg5 h6 16. Bxf6+ gxf6 17. Nc3 Bb4 18. Qf3 Bxc3 19. Qxc3 Qc8 20. f4
Qe6 21. Rae1 e4 22. f5 Qe5 23. Qxe5+ fxe5 24. Rxe4 Kf6 25. Rc4 Rad8 26. Rxc7 Rd6
27. Rxa7 Rhd8 28. Rh7 Kg5 29. Rg7+ Kh5 30. f6 e4 31. Rf5+ Kh4 32. g3+ 1-0